000 00285nam a2200145Ia 4500
100 _aKurien
942 _cBK
366 _f20
245 _aI too had a dream
260 _bRoli Books
_c2005
082 _a808.83
_bKUR
300 _a250
546 _aENGLISH
_cComputers
999 _c32215
_d32215